Nadežnosť avtomatizirovannych proizvodstvennych sistem /

Gespeichert in:
Bibliographische Detailangaben
1. Verfasser: Družinin, Georgij Vasiľjevič (Verfasst von)
Format: Buch
Sprache:Russisch
Veröffentlicht: Moskva : Energoatomizdat, 1986
Ausgabe:4.pererab.i dopol.izd.
Schlagworte:
Tags: Tag hinzufügen
Keine Tags, Fügen Sie das erste Tag hinzu!

MARC

LEADER 00000nam a22000003a 4500
001 stu35673
005 20150617225730.7
008 920430s1986----xxr-----------------rus-d
040 |a STU  |b slo 
041 0 |a rus 
044 |a xxr 
080 |a 681.5.09 
100 1 |a Družinin, Georgij Vasiľjevič  |4 aut 
245 1 |a Nadežnosť avtomatizirovannych proizvodstvennych sistem /  |c [aut.]G.V. Družinin 
250 |a 4.pererab.i dopol.izd. 
260 |a Moskva :  |b Energoatomizdat,  |c 1986 
300 |a 479 s 
650 7 |a Riadenie automatizované  |2 stusub 
650 7 |a poruchy  |2 stusub 
996 |b 284M061750  |c M*989-1  |l MMKN  |s A  |a 24  |w stu35673_0001 
996 |b M 6796  |c M*989-2  |l MMKN  |s A  |a 24  |w stu35673_0002